• 首页
  • 本馆介绍
  • 公告通知
  • 最新文献
  • 馆藏检索
  • 电子资源
  • 读者导购
  • 参考咨询
  • 我的图书馆
  • 登录
  • 详细信息显示
  • 放入我的书架
  • 预约/预借图书
  • 作者相关作品
  • 分类相关作品
  • 丛书相关作品
  • 出版社相关作品

书目信息

  • 表格格式
  • 工作单格式
  • 卡片格式
题名:
电子设备的防干扰设计
    
 
作者: 雷振烈 编
分册:  
出版信息: 天津   天津科学技术出版社  1985
页数: 250页
开本: 19cm
丛书名:
单 册:
中图分类: TN03 , TN97
科图分类:
主题词: 电子设备-电磁屏蔽 , 电子设备-抗干扰措施 , 抗干扰措施-电子设备 , 电磁屏蔽-电子设备 , 电子对抗 , 电子干扰
电子资源:
ISBN:
000 00766nam0 2200289 45
001 0185016867
005 20061125142404.54
010    @dCNY1.50
100    @a19951116d1985 em y0chiy0121 ea
101 0  @achi
102    @aCN@b120000
105    @ay z 000yy
200 10 @a电子设备的防干扰设计@Adian zi she bei de fang gan rao she ji@f雷振烈编
210    @a天津@c天津科学技术出版社@d1985
215    @a250页@d19cm
606    @a电子设备-电磁屏蔽
606    @a电子设备-抗干扰措施
606    @a抗干扰措施-电子设备
606    @a电磁屏蔽-电子设备
606 0  @a电子对抗
606 0  @a电子干扰
690    @aTN03@v3 
690    @aTN97@v3
701  0 @a雷振烈@4编@Alei zhen lie
801  2 @aCN@bNLC@c20061125
801  0 @aCN@bTSSF
905    @a10447@dTN97@e7
    
    电子设备的防干扰设计/雷振烈编.-天津:天津科学技术出版社,1985
    250页;19cm
    
    
    ISBN :CNY1.50
    
●
相关链接 在E读中查询图书 在五车中查询图书 在当当中查询图书 在豆瓣中查询图书


正题名:电子设备的防干扰设计     索取号:TN97/7         预约/预借

序号 登录号 条形码 馆藏地/架位号 状态 备注
1 0148868   202121792   第二样本阅览室/ [索取号:TN97/7] 在馆    
唐山师范学院图书馆 欢迎您!
大连网信软件有限公司© 版权所有